000 01019nas a2200229 a 4500
001 49574
003 DR-UNIBE
005 20260321073646.0
007 ta
008 200128e2009 dr |||p|r||||||0| | spa d
040 _aBIBLIOTECA UNIBE
_cBIBLIOTECA UNIBE
_dDO-SdBNP
_erda
041 _aspa
245 _aAntorcha educativa /
_cInstituto Nacional de Formación y Capacitación del Magisterio, (INAFOCAM).
264 _aSanto Domingo, República Dominicana :
_bInstituto Nacional de Formación y Capacitación del Magisterio, (INAFOCAM),
_c2009.
300 _avolúmenes :
_bilustraciones ;
_c22 x 31 cm
600 1 0 _a Bosch, Juan,
_d1909-2001
_vPublicaciones periódicas
_976555
650 _aEducación
_956494
_vPublicaciones periódicas
_zRepública Dominicana
650 0 _aIdentidad nacional
_vPublicaciones periódicas
_zRepública Dominicana
_92163
655 0 _aPublicaciones periódicas
_987420
710 _aInstituto Nacional de Formación y Capacitación del Magisterio, INAFOCAM
_975033
942 _2ddc
_cISSUE
999 _c58880
_d58880